书目信息 |
| 题名: |
民间舞蹈
|
|
| 作者: | 李北达 编著 | |
| 分册: | ||
| 出版信息: | 北京 中国社会出版社 2011.04 |
|
| 页数: | 170页 | |
| 开本: | 23cm | |
| 丛书名: | 中国民俗文化丛书 | |
| 单 册: | ||
| 中图分类: | J722.21 | |
| 科图分类: | ||
| 主题词: | 民间舞蹈--中国--通俗读物 , 民间舞蹈 | |
| 电子资源: | ||
| ISBN: | 978-7-5087-1364-9 | |
| 000 | 00821oam2 2200277 450 | |
| 001 | 003287483 | |
| 005 | 20140609145440.40 | |
| 010 | @a978-7-5087-1364-9@dCNY19.80 | |
| 100 | @a20121018d2011 em y0chiy50 ea | |
| 101 | 0 | @achi |
| 102 | @aCN@b110000 | |
| 105 | @aa z 000yy | |
| 106 | @ar | |
| 200 | 1 | @a民间舞蹈@9min jian wu dao@f李北达编著 |
| 205 | @a3版 | |
| 210 | @a北京@c中国社会出版社@d2011.04 | |
| 215 | @a170页@c图@d23cm | |
| 225 | 2 | @a中国民俗文化丛书 |
| 330 | @a本书主要内容包括:领你认识民间舞蹈;带你了解民间舞蹈;帮你解读民间舞蹈。 | |
| 461 | 0 | @12001 @a中国民俗文化丛书@1701 0@a刘魁立@4主编 |
| 606 | 0 | @a民间舞蹈@y中国@j通俗读物 |
| 606 | 0 | @a民间舞蹈 |
| 690 | @aJ722.21@v5 | |
| 701 | 0 | @a李北达@9li bei da@4编著 |
| 801 | 0 | @aCN@bRENTIAN@c20121018 |
| 905 | @b547751-53@dJ722.21@e122=3@f3 | |
| 民间舞蹈/李北达编著.-3版.-北京:中国社会出版社,2011.04 |
| 170页:图;23cm.-(中国民俗文化丛书) |
| ISBN 978-7-5087-1364-9:CNY19.80 |
| 本书主要内容包括:领你认识民间舞蹈;带你了解民间舞蹈;帮你解读民间舞蹈。 |
| ● |
| 相关链接 |
|
|
|
|
正题名:民间舞蹈
索取号:J722.21/122=3
 
预约/预借
| 序号 | 登录号 | 条形码 | 馆藏地/架位号 | 状态 | 备注 |
| 1 | 547751 | 205477517 | 第一样本阅览室/ [索取号:J722.21/122=3] | 在馆 | |
| 2 | 547752 | 205477526 | 第一借阅区/ [索取号:J722.21/122=3] | 在馆 | |
| 3 | 547753 | 205477535 | 密集书库-音乐系/ [索取号:J722.21/122=3] | 在馆 |